00457nam a2200157Ia 4500008004100000020001500041082001600056100001800072245004400090250000700134260004000141300002800181500001900209600002100228650005000249240925s9999 xx 000 0 und d a8176565431 a005.133 BAY aBayross, Ivan 0aTeach Yourself Web Technologies part-II aNA aNew Delhi:bBPB Publicationc,2002. axv,535p.bNAfPhotocopy aIncludes Index aComputer Science aComputer science, information & general works